| 000 | 00661nam a2200181 i 4500 | ||
|---|---|---|---|
| 001 | 63793 | ||
| 003 | ES-MaACL | ||
| 005 | 20250905063042.0 | ||
| 007 | t| | ||
| 008 | 031217s1957 sp ||||1| spa d | ||
| 100 | 1 |
_aFigueras Pacheco, Francisco, _d1880-1960 _950766 |
|
| 245 | 1 | 3 |
_aEl consulado marítimo y terrestre de Alicante y pueblos del obispado de Orihuela / _cFrancisco Figueras Pacheco. |
| 260 |
_aAlicante : _bInstituto de Estudios Alicantinos, _c[1957] ( _fSucs. de Suchs) |
||
| 300 |
_a192 p., 5 lám. ; _c21 cm. |
||
| 650 | 7 |
_aComercio- _zAlicante (Provincia) _2 _9166831 |
|
| 852 |
_aES-MaACL _jC-14026 _bR.41467 |
||
| 999 |
_c63793 _d63793 |
||